00333nam a2200121Ia 4500008004100000041000800041082001600049100001900065245003400084260005000118300001900168520002400187240719s9999 xx 000 0 und d aeng a299.936 HAB aHabard, Ron L. aDianetics Ek Science Ka Vikas aNew DehlibDenmark:New Era Publicationsc2009 a195.; P. 22 cm aGifted By : New era